Sweden or Finland? - Statistics

General Stats
  • This quiz has been taken 51 times
  • The average score is 11 of 16
Answer Stats
Hint Answer % Correct
Higher Population? Sweden
90%
Higher happiness index? Finland
85%
Higher safety index? Finland
83%
Higher Density? Sweden
83%
Higher GDP PPP per capita? Sweden
77%
Lower (better) peace index? Finland
75%
Higher GDP per capita? Sweden
75%
Higher quality of life index? Finland
73%
Higher EPI (environmental performance) index? Finland
67%
Higher literacy rate? Finland
63%
Higher Average IQ? Finland
63%
Higher internet penetration rate? Sweden
56%
Higher HDI? Sweden
56%
Higher median age? Finland
50%
Higher LDI (linguistic diversity) index? Sweden
50%
Higher life expectancy? Sweden
38%
No matching quizzes found
Score Distribution
Percent of People with Each Score
Percentile by Number Answered
Your Score History
You have not taken this quiz